| 000 | 01355nam2a2200241 4500 | ||
|---|---|---|---|
| 001 | rc\3007014 | ||
| 005 | 20260315064036.0 | ||
| 035 | _a(NLR Aleph) 007149785 | ||
| 090 |
_a13616714 _c13616714 |
||
| 100 | _a20110922d1935 u y0rusy50 ca | ||
| 101 | 0 | _arus | |
| 102 | _aRU | ||
| 105 | _aab z ||||| | ||
| 200 | 0 | _aЧ. 1 | |
| 210 | _d1935 | ||
| 215 |
_aПереплет, 616 с., 6 вкл. л. крас. ил., табл., карт. _cил., крас. ил., табл., карт. |
||
| 320 | _aБиблиогр.: "Главнейшая лит." в конце отделов | ||
| 461 | 0 |
_1001rc\3007013 _12000#$aСтроительные материалы и изделия$eГУУЗ НКТП утв. в качестве учебника для строит. втузов. Ч. 1-$fпроф. Б.Г. Скрамтаев$vЧ. 1 _1700#1$aСкрамтаев$bБ.Г.$gБорис Григорьевич$f1905-1966 _97139676 _aСкрамтаев, Б.Г. (1905-1966) _cМосква _d1935 _fпроф. Б.Г. Скрамтаев _nОНТИ. Гл. ред. строит. лит. _oГУУЗ НКТП утв. в качестве учебника для строит. втузов. Ч. 1- _tСтроительные материалы и изделия _vЧ. 1 |
|
| 801 | 0 |
_aRU _bNLR _gpsbo |
|
| 801 | 1 |
_aRU _bELAR _2rusmarc |
|
| 852 |
_aNLR _j35-19/157(1) |
||
| 942 | _cUNSPEC | ||
| 980 | _aNB | ||